[Event "Charlotte CCCSA Summer IM-C"]
[Site "Charlotte"]
[Date "2021.08.01"]
[Round "8"]
[White "Jones, Craig W"]
[Black "Diulger, Alexey"]
[Result "1/2-1/2"]
[WhiteElo "2106"]
[BlackElo "2294"]
[PlyCount "28"]
[EventDate "2021.07.28"]
[EventType "tourn"]
[EventRounds "9"]
[EventCountry "USA"]
[SourceTitle "CBM 203 Extra"]
[Source "ChessBase"]
[SourceDate "2021.09.30"]
[SourceVersion "1"]
[SourceVersionDate "2021.09.30"]
[SourceQuality "1"]

1. d4 d5 2. c4 c6 3. Nf3 e6 4. g3 f5 5. Bg2 Nf6 6. 0-0 Bd6 7. b3 Qe7 8. a4 0-0 9. Ba3 Bxa3 10. Nxa3 Nbd7 11. e3 Ne4 12. Nb1 Ndf6 13. Nfd2 Bd7 14. f4 g5 1/2-1/2

[Event "Charlotte CCCSA Summer IM-C"]
[Site "Charlotte"]
[Date "2021.07.31"]
[Round "6"]
[White "Jones, Craig W"]
[Black "Martin Del Campo C, Roberto Abel"]
[Result "0-1"]
[WhiteElo "2106"]
[BlackElo "2297"]
[PlyCount "70"]
[EventDate "2021.07.28"]
[EventType "tourn"]
[EventRounds "9"]
[EventCountry "USA"]
[SourceTitle "CBM 203 Extra"]
[Source "ChessBase"]
[SourceDate "2021.09.30"]
[SourceVersion "1"]
[SourceVersionDate "2021.09.30"]
[SourceQuality "1"]

1. d4 Nf6 2. c4 d6 3. Nc3 Bf5 4. f3 e5 5. e4 exd4 6. Qxd4 Be6 7. b3 g6 8. Bb2 Bg7 9. Nge2 0-0 10. Qd2 Nc6 11. g3 a5 12. Bg2 a4 13. Rc1 axb3 14. axb3 Na5 15. Qc2 c6 16. Rd1 Qb6 17. Nd4 Rfe8 18. Na4 Qa7 19. Nxe6 Rxe6 20. Bd4 c5 21. Bxf6 Bxf6 22. Bh3 Re7 23. Rxd6 Bd4 24. Rd7 Kf8 25. Rxe7 Kxe7 26. Ke2 Nxb3 27. Rb1 Na1 28. Qa2 Qxa4 29. Rxb7+ Kf6 30. Qxa4 Rxa4 31. Bd7 Ra2+ 32. Kd1 Nc2 33. Be8 Ne3+ 34. Kc1 Ra1+ 35. Kd2 Nxc4+ 0-1

[Event "Charlotte CCCSA Summer IM-C"]
[Site "Charlotte"]
[Date "2021.07.28"]
[Round "1"]
[White "Jones, Craig W"]
[Black "Matta, Nicholas F"]
[Result "1-0"]
[WhiteElo "2106"]
[BlackElo "2231"]
[PlyCount "99"]
[EventDate "2021.07.28"]
[EventType "tourn"]
[EventRounds "9"]
[EventCountry "USA"]
[SourceTitle "CBM 203 Extra"]
[Source "ChessBase"]
[SourceDate "2021.09.30"]
[SourceVersion "1"]
[SourceVersionDate "2021.09.30"]
[SourceQuality "1"]

1. Nf3 d5 2. g3 Nd7 3. d4 Nb6 4. Bg2 Bf5 5. Nbd2 c6 6. Nh4 Bg4 7. h3 Bh5 8. g4 e6 9. Nhf3 Bg6 10. Ne5 Bd6 11. e4 Bxe4 12. Nxe4 dxe4 13. Bxe4 Qc7 14. Qe2 Nf6 15. Bg2 0-0 16. 0-0 Nbd7 17. Bf4 Nd5 18. Bg3 f6 19. Nxd7 Qxd7 20. Bxd5 exd5 21. Rae1 Bxg3 22. fxg3 Rfe8 23. Qf2 Re4 24. Rxe4 dxe4 25. Qe3 Re8 26. c4 Qe6 27. b3 h5 28. gxh5 Qxh3 29. h6 Re7 30. Rf2 Qh5 31. hxg7 Kxg7 32. Rf4 Re8 33. Kg2 Qg5 34. Kf2 a6 35. b4 a5 36. a3 axb4 37. axb4 Re6 38. Rh4 Re8 39. Qxg5+ fxg5 40. Rh1 Kg6 41. Ke3 Kf5 42. Rh7 Kg4 43. Rxb7 Kxg3 44. Rb6 g4 45. Rxc6 Kh2 46. Rh6+ Kg2 47. d5 g3 48. d6 Kf1 49. Rf6+ Ke1 50. Rg6 1-0

[Event "Bay Area op"]
[Site "Burlingame"]
[Date "2019.01.05"]
[Round "7"]
[White "Jones, Craig W"]
[Black "Kondakov, Adrian"]
[Result "1-0"]
[WhiteElo "2138"]
[BlackElo "2018"]
[PlyCount "99"]
[EventDate "2019.01.01"]
[EventType "swiss"]
[EventRounds "9"]
[EventCountry "USA"]
[SourceTitle "CBM 188 Extra"]
[Source "ChessBase"]
[SourceDate "2019.02.26"]
[SourceVersion "1"]
[SourceVersionDate "2019.02.26"]
[SourceQuality "1"]

1. Nf3 Nf6 2. c4 g6 3. Nc3 Bg7 4. e4 d6 5. d4 0-0 6. Be2 e5 7. 0-0 exd4 8. Nxd4 Re8 9. f3 c6 10. Nc2 Na6 11. Kh1 Nh5 12. g4 Nf6 13. g5 Nh5 14. f4 Bxc3 15. bxc3 Rxe4 16. Bxh5 gxh5 17. Qxh5 Qe7 18. Ne3 Nc5 19. f5 Nd3 20. Ng4 Kh8 21. Nf6 Bxf5 22. Rxf5 Re1+ 23. Kg2 Qe2+ 24. Qxe2 Rxe2+ 25. Kg1 Kg7 26. Ba3 Ne5 27. Bxd6 Nxc4 28. Bg3 Rd8 29. Rc5 Nd2 30. Nh5+ Kf8 31. Rf5 Re3 32. Rc1 b6 33. Nf6 Kg7 34. Ng4 Re4 35. Ne5 Rd5 36. Rxf7+ Kg8 37. Rxa7 Rdxe5 38. Bxe5 Rxe5 39. Kh1 Rxg5 40. Rg1 Rxg1+ 41. Kxg1 Nb1 42. c4 Nd2 43. c5 bxc5 44. a4 c4 45. Rc7 Nf3+ 46. Kf2 Ne5 47. a5 c3 48. a6 Nd3+ 49. Kg3 c2 50. a7 1-0

[Event "Bay Area op"]
[Site "Burlingame"]
[Date "2019.01.03"]
[Round "4"]
[White "Jones, Craig W"]
[Black "Colas, Joshua"]
[Result "1/2-1/2"]
[WhiteElo "2138"]
[BlackElo "2309"]
[PlyCount "44"]
[EventDate "2019.01.01"]
[EventType "swiss"]
[EventRounds "9"]
[EventCountry "USA"]
[SourceTitle "CBM 188 Extra"]
[Source "ChessBase"]
[SourceDate "2019.02.26"]
[SourceVersion "1"]
[SourceVersionDate "2019.02.26"]
[SourceQuality "1"]

1. Nf3 d5 2. g3 Nf6 3. Bg2 e6 4. c4 Be7 5. 0-0 0-0 6. b3 c5 7. Bb2 Nc6 8. cxd5 Nxd5 9. Nc3 Nc7 10. Rc1 Rb8 11. Qc2 b6 12. Rfd1 Bb7 13. d4 cxd4 14. Ne4 Nd5 15. Nxd4 Nxd4 16. Bxd4 Ba3 17. Bb2 Bxb2 18. Qxb2 Qe7 19. Nc3 Nxc3 20. Rxc3 Bxg2 21. Kxg2 a5 22. Qc2 Qb7+ 1/2-1/2

[Event "Bay Area op"]
[Site "Burlingame"]
[Date "2019.01.02"]
[Round "2"]
[White "Jones, Craig W"]
[Black "Abrahamyan, Tatev"]
[Result "1/2-1/2"]
[WhiteElo "2138"]
[BlackElo "2377"]
[PlyCount "93"]
[EventDate "2019.01.01"]
[EventType "swiss"]
[EventRounds "9"]
[EventCountry "USA"]
[SourceTitle "CBM 188 Extra"]
[Source "ChessBase"]
[SourceDate "2019.02.26"]
[SourceVersion "1"]
[SourceVersionDate "2019.02.26"]
[SourceQuality "1"]

1. e4 e6 2. d4 d5 3. exd5 exd5 4. Nf3 Nc6 5. Bd3 Bg4 6. c3 Bd6 7. 0-0 Nge7 8. b3 Qd7 9. Na3 0-0-0 10. Nb5 Kb8 11. b4 f6 12. a4 g5 13. Nxd6 cxd6 14. a5 Ng6 15. Be2 Rde8 16. Re1 h5 17. Be3 Nce7 18. Nd2 Bxe2 19. Qxe2 Nf5 20. Qd3 h4 21. Re2 g4 22. Rae1 g3 23. Nf1 gxh2+ 24. Kh1 Reg8 25. Bd2 Rg7 26. Re6 Nge7 27. Bf4 Rhg8 28. g3 hxg3 29. Nxg3 Nxg3+ 30. Bxg3 Nc8 31. a6 b6 32. Qf3 Qb5 33. Qe2 Qc6 34. Qf3 Rc7 35. Rxf6 Qc4 36. Rf7 Qxc3 37. Qxc3 Rxc3 38. Kxh2 Rc4 39. b5 Rxd4 40. Rb7+ Ka8 41. Rc1 Rc4 42. Rxc4 dxc4 43. Rc7 Kb8 44. Rxc4 Rg5 45. Rb4 Kc7 46. Kh3 Ne7 47. Kh4 1/2-1/2

[Event "Bay Area op"]
[Site "Burlingame"]
[Date "2019.01.01"]
[Round "1"]
[White "Liou, Yian"]
[Black "Jones, Craig W"]
[Result "1/2-1/2"]
[WhiteElo "2412"]
[BlackElo "2138"]
[PlyCount "53"]
[EventDate "2019.01.01"]
[EventType "swiss"]
[EventRounds "9"]
[EventCountry "USA"]
[SourceTitle "CBM 188 Extra"]
[Source "ChessBase"]
[SourceDate "2019.02.26"]
[SourceVersion "1"]
[SourceVersionDate "2019.02.26"]
[SourceQuality "1"]

1. e4 d5 2. exd5 Qxd5 3. Nc3 Qa5 4. d4 Nf6 5. Bc4 c6 6. Bd2 Bf5 7. Nd5 Qd8 8. Nxf6+ exf6 9. c3 Bd6 10. Nf3 0-0 11. 0-0 Qd7 12. Re1 Na6 13. Nh4 Bg4 14. Be2 Bxe2 15. Qxe2 Rfe8 16. Qf3 Re6 17. Nf5 Rae8 18. b3 Bf8 19. h3 Nc7 20. Rad1 Qd5 21. Nh6+ gxh6 22. Qg3+ Kh8 23. Qxc7 Bd6 24. c4 Rxe1+ 25. Rxe1 Rxe1+ 26. Bxe1 Bxc7 27. cxd5 1/2-1/2

[Event "USA tt"]
[Site "ICC INT"]
[Date "2011.11.02"]
[Round "10"]
[White "Prilleltensky, Matan"]
[Black "Jones, Craig W"]
[Result "1-0"]
[WhiteElo "2163"]
[BlackElo "2204"]
[PlyCount "71"]
[EventDate "2011.08.29"]
[EventType "team-tourn"]
[EventRounds "10"]
[EventCountry "USA"]
[SourceTitle "EXT 2012"]
[Source "ChessBase"]
[SourceDate "2011.11.24"]
[SourceVersion "1"]
[SourceVersionDate "2011.11.24"]
[SourceQuality "1"]
[WhiteTeam "Manhattan Applesauce"]
[BlackTeam "Carolina Cobras"]
[WhiteTeamCountry "USA"]
[BlackTeamCountry "USA"]

1. d4 Nf6 2. c4 c5 3. d5 e5 4. Nc3 d6 5. e4 Be7 6. g3 Na6 7. h4 Nc7 8. a4 Bg4 9. Be2 Bxe2 10. Qxe2 Qd7 11. Nf3 0-0 12. Kf1 Na6 13. Kg2 Nb4 14. b3 Qg4 15. h5 Nxh5 16. Nxe5 Qxe2 17. Nxe2 Nf6 18. Nf3 Nxe4 19. Bf4 g5 20. Nd2 Nxd2 21. Bxd2 Bf6 22. Nc3 Rae8 23. Rh6 Kg7 24. Rah1 Rh8 25. Nb5 Nd3 26. Nxd6 Re2 27. Be3 Be5 28. Nf5+ Kf8 29. d6 Ke8 30. d7+ Kxd7 31. Rd1 f6 32. Rxd3+ Ke6 33. Ng7+ Ke7 34. Bxc5+ Kf7 35. Rd7+ Kg8 36. Nf5 1-0

[Event "USA tt"]
[Site "ICC INT"]
[Date "2011.08.29"]
[Round "1"]
[White "Matlin, Anna"]
[Black "Jones, Craig W"]
[Result "1-0"]
[WhiteElo "1989"]
[BlackElo "2204"]
[PlyCount "67"]
[EventDate "2011.08.29"]
[EventType "team-tourn"]
[EventRounds "10"]
[EventCountry "USA"]
[SourceTitle "CBM 144 Extra"]
[Source "ChessBase"]
[SourceDate "2011.10.28"]
[SourceVersion "1"]
[SourceVersionDate "2011.10.28"]
[SourceQuality "1"]
[WhiteTeam "New Jersey"]
[BlackTeam "Carolina Cobras"]
[WhiteTeamCountry "USA"]
[BlackTeamCountry "USA"]

1. d4 d5 2. c4 e6 3. Nc3 c5 4. cxd5 exd5 5. Nf3 Nc6 6. g3 Nf6 7. Bg2 Be7 8. 0-0 0-0 9. Bg5 c4 10. Ne5 Be6 11. e3 Qa5 12. Rc1 Rac8 13. f4 Rcd8 14. f5 Bc8 15. Bxf6 Bxf6 16. Ng4 Bg5 17. h4 h5 18. hxg5 hxg4 19. Qxg4 Ne7 20. Qh3 b5 21. g4 b4 22. f6 Ng6 23. fxg7 bxc3 24. gxf8Q+ Rxf8 25. bxc3 Be6 26. Rf6 Rb8 27. Qh6 Bxg4 28. Rxg6+ fxg6 29. Qxg6+ Kh8 30. Qf6+ Kg8 31. g6 Be6 32. Qxe6+ Kg7 33. Qe5+ Kh6 34. Qxb8 1-0

[Event "Chicago op 20th"]
[Site "Wheeling"]
[Date "2011.05.29"]
[Round "6"]
[White "Jones, Craig W"]
[Black "Matsenko, Sergei"]
[Result "1/2-1/2"]
[WhiteElo "2244"]
[BlackElo "2453"]
[PlyCount "103"]
[EventDate "2011.05.26"]
[EventType "swiss"]
[EventRounds "9"]
[EventCountry "USA"]
[SourceTitle "CBM 142 Extra"]
[Source "ChessBase"]
[SourceDate "2011.06.27"]
[SourceVersion "1"]
[SourceVersionDate "2011.06.27"]
[SourceQuality "1"]

1. Nf3 d5 2. g3 Nf6 3. Bg2 c6 4. 0-0 Bf5 5. d3 e6 6. Nbd2 h6 7. c4 Be7 8. a3 a5 9. b3 0-0 10. Bb2 Nbd7 11. Qc2 Bh7 12. cxd5 exd5 13. Nd4 Qb6 14. Bh3 Bc5 15. Nf5 Bxf5 16. Bxf5 Bd4 17. Bxd4 Qxd4 18. Nf3 Qb6 19. d4 Rfe8 20. e3 Re7 21. b4 Ne4 22. Rfb1 Nd6 23. Bh7+ Kf8 24. Bd3 axb4 25. Ra2 b3 26. Rxb3 Qc7 27. a4 Ree8 28. Rb4 Ra7 29. Rab2 Qd8 30. Nd2 Qe7 31. Bf5 Nf6 32. Bd3 g6 33. Nf3 Nd7 34. Kg2 Kg7 35. Nd2 h5 36. Nf3 Rea8 37. h4 Ra5 38. Ng5 Nf6 39. Rb1 Re8 40. R1b2 Ng4 41. Qb1 Ra7 42. Nh3 Rea8 43. Nf4 Qe8 44. Qc2 Nf6 45. Qb3 Nd7 46. Re2 Nf6 47. Nh3 Qd7 48. Ng5 Re8 49. Qc2 Nfe4 50. Bxe4 Nxe4 51. Nxe4 Rxe4 52. Qc5 1/2-1/2

[Event "USA tt"]
[Site "ICC INT"]
[Date "2010.09.27"]
[Round "6"]
[White "Kiewra, Keaton F"]
[Black "Jones, Craig W"]
[Result "1-0"]
[WhiteElo "2330"]
[BlackElo "2241"]
[PlyCount "87"]
[EventDate "2010.08.23"]
[EventType "team"]
[EventRounds "10"]
[EventCountry "USA"]
[SourceTitle "CBM 138 Extra"]
[Source "ChessBase"]
[SourceDate "2010.10.29"]
[SourceVersion "1"]
[SourceVersionDate "2010.10.29"]
[SourceQuality "1"]

1. e4 e6 2. d4 d5 3. Nd2 Nf6 4. e5 Nfd7 5. c3 c5 6. Bd3 Nc6 7. Ngf3 cxd4 8. cxd4 Be7 9. 0-0 a5 10. Qe2 g5 11. Bb5 g4 12. Ne1 Nxd4 13. Bxd7+ Bxd7 14. Qxg4 Nf5 15. a4 h5 16. Qd1 Bc6 17. Nd3 h4 18. h3 Rg8 19. Nf3 Qb6 20. Kh2 0-0-0 21. Bf4 Rg7 22. Rg1 Rdg8 23. Bd2 Nd4 24. Nxd4 Qxd4 25. Bxa5 Bg5 26. Bc3 Bf4+ 27. Kh1 Qe4 28. f3 Qf5 29. Nxf4 Qxf4 30. Qd4 Qf5 31. Kh2 Qc2 32. Bd2 Qc4 33. Be3 Qe2 34. Bf2 f6 35. exf6 e5 36. Qxh4 Rf7 37. b4 e4 38. b5 Bd7 39. Bg3 exf3 40. Rac1+ Kd8 41. Qf4 Bxh3 42. Qd6+ Ke8 43. Qb8+ Kd7 44. Qxg8 1-0